Кембрийские отложения Салаира (стратиграфия, палеогеография и история геологического развития ): Диссертация на соискание ученой степени кандидата геолого-минералогических наук

Detalles Bibliográficos
Autor principal: Асташкин В. А. Владимир Андреевич
Autor Corporativo: Сибирский научно-исследовательский институт геологии, геофизики и минерального сырья (СНИИГГиМС)
Otros Autores: Винкман М. К. (научный руководитель)
Lenguaje:ruso
Publicado: Новосибирск, 1968
Materias:
Formato: Libro
KOHA link:https://koha.lib.tpu.ru/cgi-bin/koha/opac-detail.pl?biblionumber=139662

MARC

LEADER 00000nbm0a2200000 4500
001 139662
005 20231101220817.0
035 |a (RuTPU)RU\TPU\book\151294 
090 |a 139662 
100 |a 20080609d1968 k y0rusy50 ca 
101 0 |a rus 
102 |a RU 
105 |a a m 001zy 
200 1 |a Кембрийские отложения Салаира (стратиграфия, палеогеография и история геологического развития )  |e Диссертация на соискание ученой степени кандидата геолого-минералогических наук  |f В. А. Асташкин  |g Сибирский научно-исследовательский институт геологии, геофизики и минерального сырья (СНИИГГиМС) ; науч. рук. М. К. Винкман 
210 |a Новосибирск  |d 1968 
215 |a 284 л.  |c ил. 
320 |a Библиогр.: с. 274 - 284. 
606 |a Кембрийские отложения  |2 stltpush  |3 (RuTPU)RU\TPU\subj\14267  |9 40708 
610 1 |a Салаир 
610 1 |a стратиграфия 
610 1 |a палеогеография 
610 1 |a геологическое развитие 
610 1 |a история 
610 1 |a разрезы 
610 1 |a корреляция 
610 1 |a фациальная изменчивость 
610 1 |a геологическое изучение 
610 1 |a диссертации 
675 |a 551.732(04)  |v 3 
700 1 |a Асташкин  |b В. А.  |g Владимир Андреевич 
702 1 |a Винкман  |b М. К.  |4 727 
712 0 2 |a Сибирский научно-исследовательский институт геологии, геофизики и минерального сырья (СНИИГГиМС)  |c (Новосибирск)  |2 stltpush  |3 (RuTPU)RU\TPU\col\322 
801 1 |a RU  |b 63413507  |c 20080609  |g PSBO 
801 2 |a RU  |b 63413507  |c 20180213  |g RCR 
942 |c BK